Vývojové tendence zemědělství ve světě.

Pozícia poľnohospodárstva a poľnohospodára nielen ako výrobcov potravín. Poľnohospodárstvo a ekológia. Podiel poľnohospodárstva na hrubom národnom produkte. Rozdielny prístup jednotlivých krajín pri tvorbe agrárnej politiky (zámorske štáty a Európske spoločenstvá). Prístup ČSFR k poľnohospodárstvu....

ver descrição completa

Na minha lista:
Detalhes bibliográficos
Autor principal: Bečvářová, Věra
Outros Autores: Janoutová, M.
Formato: Capítulo de Livro
Idioma:tcheco
Assuntos:
Tags: Adicionar Tag
Sem tags, seja o primeiro a adicionar uma tag!

MARC

LEADER 00000naa a2200000 4500
001 r012336
005 20220831094553.3
041 0 |a cze 
044 |a SK 
245 1 0 |a Vývojové tendence zemědělství ve světě.  |c V. Bečvářová, M. Janoutová 
520 |a Pozícia poľnohospodárstva a poľnohospodára nielen ako výrobcov potravín. Poľnohospodárstvo a ekológia. Podiel poľnohospodárstva na hrubom národnom produkte. Rozdielny prístup jednotlivých krajín pri tvorbe agrárnej politiky (zámorske štáty a Európske spoločenstvá). Prístup ČSFR k poľnohospodárstvu. Základné princípy uplatňované v trhovom hospodárstve - trhový, ekologický a extenzifikačný princíp. 
610 2 0 |a poľnohospodárstvo 
610 2 0 |a politika poľnohospodárska 
610 2 0 |a ekológia 
610 2 0 |a svet 
610 2 0 |a Európske spoločenstvá 
610 2 0 |a ČSFR 
610 2 0 |a produkt domáci hrubý 
100 1 |a Bečvářová, Věra 
700 1 |a Janoutová, M.